Artpress/ (Record no. 3325)
[ view plain ]
| 000 -LEADER | |
|---|---|
| campo de control de longitud fija | 01672nam a22004697a 4500 |
| 003 - IDENTIFICADOR DE NÚMERO DE CONTROL | |
| campo de control | OSt |
| 005 - FECHA Y HORA DE LA ÚLTIMA TRANSACCIÓN | |
| campo de control | 20230412101509.0 |
| 008 - DATOS DE LONGITUD FIJA--INFORMACIÓN GENERAL | |
| campo de control de longitud fija | 221006b |||||||| |||| 00| 0 eng d |
| 040 ## - FUENTE DE CATALOGACIÓN | |
| Centro/agencia transcriptor | Biblioteca Lado V |
| 082 ## - NÚMERO DE LA CLASIFICACIÓN DECIMAL DEWEY | |
| Número de clasificación | 700 |
| Número de ítem | K41a |
| 100 ## - ENTRADA PRINCIPAL--NOMBRE DE PERSONA | |
| 9 (RLIN) | 797 |
| Nombre de persona | Kerraoul, Jean Pierre de |
| Término indicativo de función/relación | editor |
| -- | director |
| 245 ## - MENCIÓN DEL TÍTULO | |
| Título | Artpress/ |
| Resto del título | Gerard Gasiorowski/ |
| 260 ## - PUBLICACIÓN, DISTRIBUCIÓN, ETC. | |
| Nombre del editor, distribuidor, etc. | Court Gallerie |
| Fecha de publicación, distribución, etc. | 1995 |
| Lugar de publicación, distribución, etc. | Paris |
| 300 ## - DESCRIPCIÓN FÍSICA | |
| Dimensiones | 21x28cm |
| Extensión | 98p. |
| 366 ## - INFORMACIÓN SOBRE DISPONIBILIDAD COMERCIAL | |
| Nota | eng |
| 490 ## - MENCIÓN DE SERIE | |
| Mención de serie | 200 |
| Designación de volumen o secuencia | 95 |
| -- | 1971 |
| Número Internacional Normalizado para Publicaciones Seriadas | 0004 3273 |
| 505 ## - NOTA DE CONTENIDO CON FORMATO | |
| Título | Rush |
| 505 ## - NOTA DE CONTENIDO CON FORMATO | |
| Título | Exporama |
| 505 ## - NOTA DE CONTENIDO CON FORMATO | |
| Título | Frank Stella sous le signe de Melville |
| 505 ## - NOTA DE CONTENIDO CON FORMATO | |
| Título | Gerard Gasiorowski nouvelle histoire de l'infame |
| 505 ## - NOTA DE CONTENIDO CON FORMATO | |
| Título | Gloria Friedmann le souci de la beaute |
| 505 ## - NOTA DE CONTENIDO CON FORMATO | |
| Título | a quoi sert Guy Debord? |
| 505 ## - NOTA DE CONTENIDO CON FORMATO | |
| Título | l'art, entre panne de memoire et pein d'Etat |
| 505 ## - NOTA DE CONTENIDO CON FORMATO | |
| Título | Bill Beckley rose Je suppose |
| 505 ## - NOTA DE CONTENIDO CON FORMATO | |
| Título | les livres |
| 505 ## - NOTA DE CONTENIDO CON FORMATO | |
| Título | le feuilleton |
| 505 ## - NOTA DE CONTENIDO CON FORMATO | |
| Título | la photographie |
| 505 ## - NOTA DE CONTENIDO CON FORMATO | |
| Título | les expositions |
| 505 ## - NOTA DE CONTENIDO CON FORMATO | |
| Título | Debate: Art, Loss of Memory and the Monumentalization of History |
| 505 ## - NOTA DE CONTENIDO CON FORMATO | |
| Título | Bill Beckley Pink |
| 505 ## - NOTA DE CONTENIDO CON FORMATO | |
| Título | Reviews |
| 650 ## - PUNTO DE ACCESO ADICIONAL DE MATERIA--TÉRMINO DE MATERIA | |
| Fuente del encabezamiento o término | Tesauro de Arte & Arquitectura |
| Término de materia o nombre geográfico como elemento de entrada | ARTE |
| 9 (RLIN) | 703 |
| 650 ## - PUNTO DE ACCESO ADICIONAL DE MATERIA--TÉRMINO DE MATERIA | |
| Fuente del encabezamiento o término | Tesauro de Arte & Arquitectura |
| Término de materia o nombre geográfico como elemento de entrada | EXPOSICIONES |
| 650 ## - PUNTO DE ACCESO ADICIONAL DE MATERIA--TÉRMINO DE MATERIA | |
| Fuente del encabezamiento o término | Tesauro de Arte & Arquitectura |
| Término de materia o nombre geográfico como elemento de entrada | BIENAL |
| 650 ## - PUNTO DE ACCESO ADICIONAL DE MATERIA--TÉRMINO DE MATERIA | |
| Fuente del encabezamiento o término | Tesauro de Arte & Arquitectura |
| Término de materia o nombre geográfico como elemento de entrada | APRECIACION |
| 650 ## - PUNTO DE ACCESO ADICIONAL DE MATERIA--TÉRMINO DE MATERIA | |
| Fuente del encabezamiento o término | Tesauro de Arte & Arquitectura |
| Término de materia o nombre geográfico como elemento de entrada | TEORIA |
| 650 ## - PUNTO DE ACCESO ADICIONAL DE MATERIA--TÉRMINO DE MATERIA | |
| Fuente del encabezamiento o término | Tesauro de Arte & Arquitectura |
| Término de materia o nombre geográfico como elemento de entrada | CRITICA |
| 650 ## - PUNTO DE ACCESO ADICIONAL DE MATERIA--TÉRMINO DE MATERIA | |
| Fuente del encabezamiento o término | Tesauro de Arte & Arquitectura |
| Término de materia o nombre geográfico como elemento de entrada | FOTOGRAFIA |
| 9 (RLIN) | 702 |
| 650 ## - PUNTO DE ACCESO ADICIONAL DE MATERIA--TÉRMINO DE MATERIA | |
| Fuente del encabezamiento o término | Tesauro de Arte & Arquitectura |
| Término de materia o nombre geográfico como elemento de entrada | LITERATURA |
| 650 ## - PUNTO DE ACCESO ADICIONAL DE MATERIA--TÉRMINO DE MATERIA | |
| Fuente del encabezamiento o término | Tesauro de Arte & Arquitectura |
| Término de materia o nombre geográfico como elemento de entrada | PARIS |
| 942 ## - ELEMENTOS DE ENTRADA SECUNDARIOS (KOHA) | |
| Fuente del sistema de clasificación o colocación | Clasificación Decimal Dewey |
| Tipo de ítem Koha | Libros |
| Parte de la signatura que corresponde a la clasificación (Parte de la clasificación) | 700 |
| Parte de la signatura que identifica el ejemplar (Parte del ítem) | K41a |
| Suprimir en OPAC | No |
No items available.
